Mankoff's Lusty Europe : the first all-purpose European guide to sex, love and romance /

Đã lưu trong:
Chi tiết về thư mục
Tác giả chính: Mankoff, Allan H.
Định dạng: Sách
Ngôn ngữ:Tiếng Anh
Được phát hành: New York Mayflower Book [1975]
Các nhãn: Thêm thẻ
Không có thẻ, Là người đầu tiên thẻ bản ghi này!

MARC

LEADER 00000nam a2200000 4500
001 CDOM0000005442
003 mi
005 20250908144412.0
008 250908b |||||||| |||| 00| 0 eng d
040 |c mi 
100 |a Mankoff, Allan H. 
245 1 |a Mankoff's Lusty Europe :  |b the first all-purpose European guide to sex, love and romance /  |c by Allan H. Mankoff 
260 |a New York  |b Mayflower Book  |c [1975] 
300 |a XX, 580 p.  |c 18 cm. 
942 |2 ddc  |c BK 
952 |0 0  |1 0  |2 ddc  |4 0  |6 B_SSA07MANALLUS11  |7 0  |9 9194  |a MI  |b MI  |d 2013-02-22  |i 1165  |l 0  |o B-SSA07-MANAL-LUS11  |p CDOM1165  |r 2025-07-17 21:50:00  |w 2025-07-17  |x DONO  |y BK 
999 |c 7661  |d 7661